Famous Celebrity Marriages #1 - Statistics

General Stats
  • This quiz has been taken 115 times
  • The average score is 6 of 10
Answer Stats
Marriage Years Hint Answer % Correct
2008-Present Jay-Z Beyonce
99%
2014-Present Kanye West Kim Kardashian
99%
2014-2016 Angelina Jolie Brad Pitt
97%
2018-2019 Liam Hemsworth Miley Cyrus
85%
2000-2003 Billy Bob Thornton Angelina Jolie
71%
1988-Present Rita Wilson Tom Hanks
64%
2011-Present Rachel Weisz Daniel Craig
53%
1983-1984 Paul Simon Carrie Fisher
25%
1995-2001 Patricia Arquette Nicolas Cage
22%
2006-2011 Thomas Jane Patricia Arquette
19%
No matching quizzes found
Score Distribution
Percent of People with Each Score
Percentile by Number Answered
Your Score History
You have not taken this quiz